Individuálne diferencie zamestnancov v pracovnej skupine bakalárska práca

Guardado en:
Detalles Bibliográficos
Autor principal: Mažec, Matúš
Autor Corporativo: Fakulta podnikového manažmentu EU. Katedra manažmentu
Otros Autores: Mečiar, Tomáš
Formato: Libro
Lenguaje:eslovaco
Publicado: Bratislava 2011
Etiquetas: Agregar Etiqueta
Sin Etiquetas, Sea el primero en etiquetar este registro!

MARC

LEADER 00000nam a2200000 4500
001 0153010
005 20240320072028.8
041 0 |a slo 
044 |a SK 
245 1 0 |a Individuálne diferencie zamestnancov v pracovnej skupine  |b bakalárska práca  |c Matúš Mažec ; školiteľ: Tomáš Mečiar 
264 1 |a Bratislava  |c 2011 
300 |a 37 s. 
100 1 |a Mažec, Matúš 
700 1 |a Mečiar, Tomáš 
710 2 |a Fakulta podnikového manažmentu EU. Katedra manažmentu